| 000 | 00505nam a2200181Ia 4500 | ||
|---|---|---|---|
| 003 | LK-CoDNM | ||
| 008 | 010623t2003 xxu||||| |||| 00| 1 sin d | ||
| 040 |
_aLK-CoDNM _dLK-CoDNM _eLK-CoDNM |
||
| 041 | _asin | ||
| 080 | _a8 C 3 12/13 VES | ||
| 100 | _aNandasena, Mudiyanse | ||
| 245 | _aවෙස්සන්තර ජාතක සාහිත්ය | ||
| 246 | _aVessanthara jathaka sahithya | ||
| 260 |
_bS.Godage _aColombo _c2003 |
||
| 300 | _b378, 22 cm | ||
| 650 | _aLiterature | ||
| 942 | _cBK | ||
| 999 |
_c123196 _d123196 |
||